Online
Catalog

Discursos presidenciales / (Record no. 13048)

MARC details
000 -CABECERA
campo de control de longitud fija 01189nam a2200337 i 4500
001 - NÚMERO DE CONTROL
campo de control 000013422
003 - IDENTIFICADOR DEL NÚMERO DE CONTROL
campo de control DO-SdBNP
005 - FECHA Y HORA DE LA ÚLTIMA TRANSACCIÓN
campo de control 20251002133638.0
007 - CAMPO FIJO DE DESCRIPCIÓN FÍSICA--INFORMACIÓN GENERAL
campo de control de longitud fija ta
008 - DATOS DE LONGITUD FIJA--INFORMACIÓN GENERAL
campo de control de longitud fija 091124s1982 dr r 000 0 spa d
040 ## - FUENTE DE LA CATALOGACIÓN
Centro catalogador/agencia de origen DO-SdBNP
Lengua de catalogación spa
Centro/agencia transcriptor BNPHU
Normas de descripción rda
041 ## - CÓDIGO DE LENGUA
Código de lengua del texto/banda sonora o título independiente spa
082 #4 - NÚMERO DE LA CLASIFICACIÓN DECIMAL DEWEY
Número de clasificación 320.97293
Número de documento/Ítem G993d
Número de edición 22
100 1# - ENTRADA PRINCIPAL--NOMBRE DE PERSONA
Nombre de persona Guzmán Fernández, Silvestre Antonio,
Fechas asociadas al nombre 1911-1982
Término indicativo de función/relación autor
9 (RLIN) 17126
Código de función/relación aut.
245 10 - MENCIÓN DE TÍTULO
Título Discursos presidenciales /
Mención de responsabilidad, etc. Antonio Guzmán Fernández ;
264 #1 - PRODUCCIÓN, PUBLICACIÓN, DISTRIBUCIÓN, FABRICACIÓN Y COPYRIGHT
Producción, publicación, distribución, fabricación y copyright Santo Domingo, República Dominicana :
Nombre del de productor, editor, distribuidor, fabricante ONAP,
Fecha de producción, publicación, distribución, fabricación o copyright 1982-
300 ## - DESCRIPCIÓN FÍSICA
Extensión 3 volúmenes ;
Dimensiones 24 cm.
336 ## - TIPO DE CONTENIDO
Término de tipo de contenido texto
Código de tipo de contenido txt
Fuente rdacontent
337 ## - TIPO DE MEDIO
Nombre/término del tipo de medio sin mediación
Código del tipo de medio n
Fuente rdamedia
338 ## - TIPO DE SOPORTE
Nombre/término del tipo de soporte volumen
Código del tipo de soporte nc.
Fuente rdacarrier
490 1# - MENCIÓN DE SERIE
Mención de serie Colecciones Publicaciones ONAP
490 1# - MENCIÓN DE SERIE
Mención de serie Colección estudios políticos ;
Designación de volumen o secuencia 1
500 ## - NOTA GENERAL
Nota general
505 ## - NOTA DE CONTENIDO CON FORMATO
Nota de contenido con formato
590 ## - NOTA LOCAL (RLIN)
Nota local Inventariado, 2019/BT
600 #4 - PUNTO DE ACCESO ADICIONAL DE MATERIA--NOMBRE DE PERSONA
Nombre de persona Guzmán Fernández, Silvestre Antonio,
Fechas asociadas al nombre 1911-1982
9 (RLIN) 17126
650 #4 - PUNTO DE ACCESO ADICIONAL DE MATERIA--TÉRMINO DE MATERIA
Término de materia o nombre geográfico como elemento de entrada Discursos presidenciales
Subdivisión geográfica República Dominicana
9 (RLIN) 30670
651 #4 - PUNTO DE ACCESO ADICIONAL DE MATERIA--NOMBRE GEOGRÁFICO
Nombre geográfico República Dominicana
Subdivisión general Política y gobierno
Subdivisión cronológica 1978-1982
9 (RLIN) 204
830 #0 - PUNTO DE ACCESO ADICIONAL DE SERIE-TÍTULO UNIFORME
Título uniforme Colección estudios políticos ;
Nombre de parte o sección de la obra Publicaciones ONAP ;
Número de parte o sección de la obra 1
9 (RLIN) 30671
942 ## - ELEMENTOS DE PUNTO DE ACCESO ADICIONAL (KOHA)
Fuente del sistema de clasificación o colocación Dewey Decimal Classification
Tipo de ítem Koha Libro
Holdings
Estado de retiro Estado de pérdida Fuente del sistema de clasificación o colocación Restricciones de uso No para préstamo Código de colección Localización permanente Ubicación/localización actual Ubicación en estantería Fecha de adquisición Signatura topográfica completa Código de barras Fecha visto por última vez Número de copia Precio válido a partir de Tipo de ítem Koha Fuente de adquisición Total de préstamos
    Dewey Decimal Classification Excluido de préstamo   Patrimonio Dominicano Biblioteca Nacional Pedro Henríquez Ureña Biblioteca Nacional Pedro Henríquez Ureña Depósito 02.05.2018 BNPHU PD 320.97293 G993d 13422-70 25.06.2020 v.3 25.06.2020 Libro    
    Dewey Decimal Classification Excluido de préstamo   Patrimonio Dominicano Biblioteca Nacional Pedro Henríquez Ureña Biblioteca Nacional Pedro Henríquez Ureña Depósito 07.08.2018 BNPHU PD 320.97293 G993d 13422-80 25.06.2020 v.3, e.2 25.06.2020 Libro Barbara Suncar  
    Dewey Decimal Classification Excluido de préstamo   Patrimonio Dominicano Biblioteca Nacional Pedro Henríquez Ureña Biblioteca Nacional Pedro Henríquez Ureña Depósito 24.11.2009 BNPHU PD 320.97293 G993d 13422-10 25.06.2020 v.1 25.06.2020 Libro Barbara Suncar  
    Dewey Decimal Classification Excluido de préstamo   Patrimonio Dominicano Biblioteca Nacional Pedro Henríquez Ureña Biblioteca Nacional Pedro Henríquez Ureña Depósito 21.05.2010 BNPHU PD 320.97293 G993d 13422-20 25.06.2020 v.1, e.2 25.06.2020 Libro    
    Dewey Decimal Classification Préstamo en sala   Patrimonio Dominicano Biblioteca Nacional Pedro Henríquez Ureña Biblioteca Nacional Pedro Henríquez Ureña   21.05.2010 BNPHU DS 320.97293 G993d 13422-40 25.06.2020 v.1, e.3 25.06.2020 Libro ICDA  
    Dewey Decimal Classification Excluido de préstamo   Patrimonio Dominicano Biblioteca Nacional Pedro Henríquez Ureña Biblioteca Nacional Pedro Henríquez Ureña Depósito 21.05.2010 BNPHU PD 320.97293 G993d 13422-50 25.06.2020 v.2 25.06.2020 Libro    
    Dewey Decimal Classification Excluido de préstamo   Patrimonio Dominicano Biblioteca Nacional Pedro Henríquez Ureña Biblioteca Nacional Pedro Henríquez Ureña Depósito 21.05.2010 BNPHU PD 320.97293 G993d 13422-60 25.06.2020 v.2, e. 2 25.06.2020 Libro    
    Dewey Decimal Classification Préstamo en sala   Dominicana de Servicio Biblioteca Nacional Pedro Henríquez Ureña Biblioteca Nacional Pedro Henríquez Ureña Depósito 11.08.2022 BNPHU DS 320.97293 G993d 2022-3667 11.08.2022 v.3, e.3 11.08.2022 Libro    
    Dewey Decimal Classification Préstamo en sala   Dominicana de Servicio Biblioteca Nacional Pedro Henríquez Ureña Biblioteca Nacional Pedro Henríquez Ureña   09.09.2024 BNPHU DS 320.97293 G993d 13422-30 09.09.2024 v.2,e.3 09.09.2024 Libro    
    Dewey Decimal Classification Préstamo en sala   Dominicana de Servicio Biblioteca Nacional Pedro Henríquez Ureña Biblioteca Nacional Pedro Henríquez Ureña Depósito 09.09.2024 BNPHU DS 320.97293 G993d 13422-90 09.09.2024 v.2, e.4 09.09.2024 Libro    

Powered by Koha